| 000 | 00831nmm a2200265 a 4500 | ||
|---|---|---|---|
| 001 | ocm0002146628 | ||
| 003 | TR-IsHL | ||
| 005 | 20201028183413.0 | ||
| 008 | 190330s2014 tu tur | ||
| 007 | cr cn | ||
| 020 | _a9786054657742 | ||
| 035 |
_a2146628 _b(N$T) |
||
| 050 | 0 | 4 |
_aPL248.O386 _bB45 2014 |
| 090 | 0 | 4 |
_aPL248.O386 _bB45 2014 |
| 100 | 1 | _aBeşkardeş Öktemer, Nesrin | |
| 245 | 1 | 0 |
_aBelki de... _h[electronic resource] / _cNesrin Beşkardeş Öktemer |
| 260 |
_aAnkara : _bPhoenix Yayınevi, _c2014 |
||
| 300 | _a167 p. | ||
| 650 | 4 | _aDil ve Edebiyat | |
| 650 | 4 | _aLanguage and Literature | |
| 650 | 0 | _aTürk şiiri | |
| 650 | 0 | _aTurkish poetry | |
| 650 | 7 |
_aPOETRY / Middle Eastern _2bisacsh |
|
| 856 | 4 | 0 | _uhttp://search.ebscohost.com/login.aspx?direct=true&scope=site&db=e011xww&AN=2146628 |
| 999 |
_c20523 _d20523 |
||